000
00313nam a22001337a 4500
008
170717b xxu||||| |||| 00| 0 eng d
020
_a
9780933029828
041
_a
eng
080
_a
038
100
_a
24
101
_a
FJA
245
_a
THE CHIRON DICTIONARY OF GREEK&ROMAN MYTHOLOGY
_c
BURR, E
942
_2
udc
_c
BK
999
_c
21247
_d
21247